[Event "Airthings Masters Preliminary"]
[Site "Online"]
[Date "2020.12.23"]
[Round "8.1"]
[White "Vachier-Lagrave, Maxime"]
[Black "So, Wesley"]
[Result "1/2-1/2"]
[WhiteElo "2784"]
[BlackElo "2770"]
[Annotator "TA"]
[PlyCount "67"]
[EventDate "2020.12.26"]
[EventType "tourn"]
[EventCountry "NET"]
[SourceTitle "playchess.com"]
[Source "ChessBase"]
[SourceQuality "1"]

{[%evp 19,67,18,32,19,22,0,29,30,21,10,15,0,11,9,22,12,10,0,0,0,0,0,0,0,0,0,0,0,0,0,0,0,0,-38,-40,-60,-19,-26,0,0,0,0,0,0,0,0,0,0,0,0]} 1. e4 e5 2. Nf3 Nc6 3. Bb5 a6 4. Ba4 Nf6 5. O-O Be7 6. Re1 b5 7. Bb3 O-O 8. a4 b4 9. a5 d6 10. d3 Be6 11. Bxe6 $1 {[%mdl 4] is now more promising than 11.Nbd2. C88: Closed Ruy Lopez: Anti-Marshall Systems.} fxe6 12. Nbd2 Qc8 13. c3 {White has an edge.} Rb8 14. Nc4 {[#]} Rb5 $146 ({Predecessor:} 14... Nd7 15. d4 exd4 16. cxd4 e5 17. dxe5 Ncxe5 18. Nfxe5 Nxe5 19. Nxe5 dxe5 20. Qd5+ Kh8 21. Qxe5 {1-0 (42) Purgar,I (2094)-Raguz,I (1895) Bol 2014}) 15. Bd2 Nd7 16. d4 bxc3 17. bxc3 Qe8 18. dxe5 Ndxe5 19. Ncxe5 Nxe5 20. Nd4 Rb2 21. Nxe6 Nf3+ 22. gxf3 Qg6+ 23. Kh1 Qxe6 24. Rg1 Bf6 25. Be3 Be5 26. Rg2 Qf7 27. Bd4 Qxf3 28. Bxe5 Qxd1+ (28... dxe5 {with more complications.} 29. Qd5+ Qf7 30. Rag1 g6 31. Qc6 Rxf2 32. Qxa6 Rxg2 33. Rxg2 Kg7) 29. Rxd1 {The position is equal.} dxe5 $15 {KRR-KRR} 30. Rd7 Rf7 31. Rd8+ Rf8 32. Rd7 Rf7 33. Rd8+ Rf8 34. Rd7 {Weighted Error Value: White=0.05/Black=0.07} 1/2-1/2

[Event "Airthings Masters Preliminary"]
[Site "Online"]
[Date "2020.12.23"]
[Round "8.2"]
[White "Radjabov, Teimour"]
[Black "Aronian, Levon"]
[Result "1/2-1/2"]
[WhiteElo "2765"]
[BlackElo "2781"]
[Annotator "TA"]
[PlyCount "88"]
[EventDate "2020.12.26"]
[EventType "tourn"]
[EventCountry "NET"]
[SourceTitle "playchess.com"]
[Source "ChessBase"]
[SourceQuality "1"]

{[%evp 24,88,25,26,20,28,24,16,26,26,27,23,22,22,23,18,5,15,27,27,37,0,10,9,21,21,36,41,45,40,53,0,0,0,0,0,0,0,14,14,8,7,18,8,24,26,44,26,44,44,127,127,127,127,127,127,127,127,127,127,127,0,127,0,127,0,127]} 1. d4 Nf6 2. c4 e6 3. Nf3 d5 4. Nc3 Bb4 5. Bg5 dxc4 6. e4 c5 7. Bxc4 cxd4 8. Nxd4 Bxc3+ 9. bxc3 Qa5 10. Bb5+ Nbd7 11. Bxf6 Qxc3+ 12. Kf1 gxf6 13. h4 {Hoping for Rh3.} Qb4 {D39: Queen's Gambit Declined: Ragozin Defence with 5 Bg5 dxc4.} 14. Rh3 a6 $1 {[%cal Ra6b5]} 15. Be2 Ne5 16. Rb1 Qd6 17. Qd2 Bd7 18. Rxb7 {[#]} Rd8 $146 {[#] And now ...Bc8 would win.} ({Predecessor:} 18... Bb5 19. Rc3 Rd8 20. Nf3 Qxd2 21. Bxb5+ axb5 22. Nxd2 O-O 23. Nf3 Nxf3 24. Rxf3 Rb8 {½-½ (38) So,W (2808)-Aronian,L (2780) Wijk aan Zee 2017}) 19. Qb4 Qxb4 20. Rxb4 a5 21. Rb7 O-O {...Bc8 is the strong threat.} 22. Ra7 Ba4 23. Nb3 Rc8 24. f4 Ng6 25. f5 exf5 26. exf5 Nf4 27. Rg3+ (27. Rxa5 $14 Nxe2 28. Rxa4) 27... Kh8 $11 28. Rxa5 Nxe2 29. Kxe2 Rc2+ 30. Kf1 Rc4 31. h5 h6 32. Kg1 Rd8 33. Ra7 Rd1+ 34. Kh2 {[#] Threatens to win with Ra8+.} Rh4+ 35. Rh3 Rxh3+ 36. Kxh3 Bxb3 ({Black should try} 36... Bd7 $1 $14) 37. axb3 {[%mdl 4096] Endgame KR-KR} Rd3+ 38. Kg4 Rxb3 39. Rxf7 Rb6 40. Rc7 Kg8 41. Rc8+ Kg7 42. Rc7+ Kg8 $1 43. Rc8+ Kg7 $1 44. Rc7+ Kg8 $1 {Weighted Error Value: White=0.17/Black=0.05} 1/2-1/2

[Event "Airthings Masters Preliminary"]
[Site "Online"]
[Date "2020.12.23"]
[Round "8.4"]
[White "Dubov, Daniil"]
[Black "Nakamura, Hikaru"]
[Result "1/2-1/2"]
[WhiteElo "2699"]
[BlackElo "2736"]
[Annotator "TA"]
[PlyCount "43"]
[EventDate "2020.12.26"]
[EventType "tourn"]
[EventCountry "NET"]
[SourceTitle "playchess.com"]
[Source "ChessBase"]
[SourceQuality "1"]

{[%evp 15,43,6,4,10,22,12,7,14,16,6,6,0,7,16,0,0,0,0,0,0,0,0,0,0,0,0,0,0,0,0]} 1. d4 Nf6 2. c4 e6 3. Nf3 d5 4. g3 Be7 5. Bg2 O-O 6. Nc3 dxc4 7. Ne5 c5 8. dxc5 Qxd1+ {The position is equal.} 9. Nxd1 {E06: Closed Catalan: Early deviations.} Bxc5 10. Ne3 c3 11. bxc3 Nbd7 12. Nd3 Rb8 13. Nc4 b6 14. Bf4 Bb7 15. Bxb8 (15. Bxb7 Rxb7 16. Rb1 Nd5 17. Na5 Nxf4 18. Nxb7 Nxd3+ 19. exd3 Be7 20. c4 Rb8 21. c5 Rxb7 22. c6 Rc7 23. cxd7 Rxd7 24. Ke2 g6 25. Rhc1 Bc5 26. a4 Kg7 27. Rc4 a5 28. f4 h5 {½-½ (44) Dubov,D (2699)-Nakamura,H (2736) chess24.com INT 2020}) 15... Bxg2 16. Bd6 Bxh1 17. Bxf8 Kxf8 18. f3 $1 Bg2 19. Nf4 Bh1 {[#]} 20. Nd3 $146 ({Predecessor:} 20. Kf1 b5 21. Nb2 e5 22. Nfd3 Ba3 23. Nd1 e4 24. N3f2 Bxf3 25. exf3 exf3 26. Rb1 a6 27. Rb3 Bc5 28. c4 bxc4 29. Rxf3 {1-0 (72) Dubov,D (2699)-Karjakin,S (2752) chess24.com INT 2020}) 20... Bg2 21. Nf4 Bh1 22. Nd3 {A rather calm draw.  Weighted Error Value: White=0.01/Black=0.00} 1/2-1/2

[Event "Airthings Masters Preliminary"]
[Site "Online"]
[Date "2020.12.23"]
[Round "8.5"]
[White "Anton Guijarro, David"]
[Black "Grischuk, Alexander"]
[Result "1/2-1/2"]
[WhiteElo "2675"]
[BlackElo "2777"]
[Annotator "TA"]
[PlyCount "40"]
[EventDate "2020.12.26"]
[EventType "tourn"]
[EventCountry "NET"]
[SourceTitle "playchess.com"]
[Source "ChessBase"]
[SourceQuality "1"]

{[%evp 17,40,29,42,0,0,0,21,18,27,11,16,21,25,-58,0,0,0,0,0,0,0,0,0,0,0]} 1. e4 e5 2. Nf3 Nc6 3. Bb5 a6 4. Ba4 Nf6 5. O-O Bc5 6. c3 b5 7. Bb3 d6 8. d4 Bb6 9. a4 {[%cal Ba2a4,Ba4a5][%mdl 32]} Rb8 10. a5 {C78: Ruy Lopez: Archangelsk and Möller Defences.} Ba7 ({Avoid the trap} 10... Bxa5 $2 11. dxe5 (11. d5 Ne7 $18) 11... dxe5 12. Qxd8+ Kxd8 13. Bd5 $18 (13. Bxf7 Bb6 $16)) 11. h3 Bb7 12. Be3 $1 {[%mdl 4] d5 is the strong threat. is recently more successful than 12.Re1.} Nxe4 13. d5 Bxe3 14. dxc6 {And now Qd5! would win.} Nxf2 $1 15. Qd5 {[#]} (15. Qe2 $11 Nxh3+ 16. Kh1 Nf2+ 17. Rxf2 Bxf2 18. Qxf2 (18. cxb7 Ba7 $15) 18... Bxc6 19. Nxe5 $1 {[%mdl 64] Double Attack} Bxg2+ 20. Kg1) 15... O-O $5 $146 {[%mdl 8] An interesting novelty.} ({Predecessor:} 15... Nxh3+ 16. Kh1 Qf6 17. cxb7 Nf4 18. Qc6+ Kd8 19. Nh2 Qg5 20. Na3 Ne2 21. Rf3 Ng3+ 22. Rxg3 Qxg3 23. Bxf7 {1-0 (35) Navara,D (2708)-Ganguly,S (2651) Wijk aan Zee 2011}) 16. cxb7 $11 {The position is equal.} Ne4+ 17. Kh2 Bf4+ 18. Kg1 $1 Be3+ 19. Kh2 Bf4+ 20. Kg1 $1 Be3+ {A rather calm draw.  Weighted Error Value: White=0.28/Black=0.09} 1/2-1/2

[Event "Airthings Masters Preliminary"]
[Site "Online"]
[Date "2020.12.23"]
[Round "8.6"]
[White "Carlsen, Magnus"]
[Black "Giri, Anish"]
[Result "1/2-1/2"]
[WhiteElo "2862"]
[BlackElo "2764"]
[Annotator "TA"]
[PlyCount "84"]
[EventDate "2020.12.26"]
[EventType "tourn"]
[EventCountry "NET"]
[SourceTitle "playchess.com"]
[Source "ChessBase"]
[SourceQuality "1"]

{[%evp 15,84,0,1,7,9,16,11,-12,0,-11,0,-11,-4,0,0,-1,-4,-20,-12,-10,-10,-16,-16,-20,-20,-26,-29,-29,0,0,0,0,0,0,0,-24,-25,-45,-36,-93,0,0,0,0,0,-19,0,0,0,0,0,0,0,0,0,0,0,0,0,0,0,0,0,0,0,0,0,0,0,0,0]} 1. d4 Nf6 2. c4 g6 3. Nc3 d5 4. Nf3 Bg7 5. e3 O-O 6. cxd5 Nxd5 7. Bc4 Nb6 8. Bb3 c5 9. O-O {D94: Grünfeld: 4 Nf3 Bg7 5 e3.} Bg4 10. dxc5 {[#] Threatens to win with Qxd8.} N6d7 11. h3 Bxf3 12. Qxf3 Nxc5 13. Rd1 Qc8 14. Nd5 Nc6 15. e4 {[#]} Nxb3 $146 ({Predecessor:} 15... Re8 16. Bg5 Ne6 17. Bh4 Qb8 18. Rac1 Qe5 19. Rxc6 bxc6 20. Nxe7+ Kh8 21. Nxc6 Qxb2 22. e5 Rec8 23. Bf6 Rc7 24. Bxe6 fxe6 25. Nd8 Bxf6 26. Qxa8 Qc2 27. Nf7+ {1-0 (27) Parker,J (2533)-Howell,D (2533) Sunningdale 2008}) 16. Qxb3 e6 17. Nc3 a6 18. Be3 b5 19. Rac1 Qb7 20. a4 {[%cal Ra4b5]} b4 {White must now prevent ...Na5.} 21. Ne2 Rfd8 22. Rxd8+ $1 Rxd8 23. Qc2 Nd4 24. Nxd4 Bxd4 25. Rd1 {[#]} Rc8 $1 26. Qd2 (26. Qe2 Bxe3) 26... Bf6 27. f3 (27. Bd4 $15 e5 28. Be3) 27... b3 (27... Rd8 $17 28. Qe2 Rxd1+ 29. Qxd1 b3) 28. Bd4 $11 {The position is equal.} Bxd4+ 29. Qxd4 {[%mdl 4096] Endgame KQR-KQR} Qc6 30. a5 (30. h4 {feels hotter.} Qc2 31. Kh2 e5 32. Qd7 h5 33. Rd6) 30... Qc5 (30... Qc2 {looks sharper.} 31. h4 h6 32. Qd7 g5 33. hxg5 hxg5 34. Qd2 Rc5) 31. Qxc5 Rxc5 {KR-KR} 32. Rd3 Rxa5 33. Rxb3 Rc5 34. Rb8+ Kg7 35. b4 Rc2 36. b5 Rb2 (36... axb5 {is more complex.} 37. Rxb5 Ra2 38. Kh2 Kf6 39. h4 Kg7) 37. b6 a5 38. Ra8 Rxb6 39. Rxa5 Rb1+ 40. Kh2 Rb2 41. Kg3 Re2 42. h4 h5 {Weighted Error Value: White=0.05/Black=0.06} 1/2-1/2

[Event "Airthings Masters Preliminary"]
[Site "Online"]
[Date "2020.12.23"]
[Round "9.1"]
[White "Giri, Anish"]
[Black "Vachier-Lagrave, Maxime"]
[Result "1-0"]
[WhiteElo "2764"]
[BlackElo "2784"]
[Annotator "TA"]
[PlyCount "129"]
[EventDate "2020.12.26"]
[EventType "tourn"]
[EventCountry "NET"]
[SourceTitle "playchess.com"]
[Source "ChessBase"]
[SourceQuality "1"]

{[%evp 18,129,19,0,67,48,58,29,44,27,59,-23,-23,-22,-22,-28,0,0,0,0,0,0,16,16,24,0,43,6,160,165,216,133,135,83,81,41,73,46,79,68,100,70,72,84,82,70,95,62,64,72,70,81,98,99,77,40,53,50,54,46,54,58,54,61,59,61,68,20,60,32,34,3,38,28,194,194,220,198,340,335,329,335,417,381,453,440,493,491,491,479,616,615,791,762,662,593,743,594,618,476,820,836,881,563,662,909,29976,29977,29976,29978,29978,29978,29976,29972]} 1. e4 c5 2. Nf3 d6 3. d4 cxd4 4. Nxd4 Nf6 5. Nc3 Nc6 6. Bc4 e6 7. Be3 a6 8. Qe2 Qc7 9. O-O-O Na5 10. Bd3 e5 {[#] B89: Sicilian: Velimirovic Attack.} (10... b5 $11) 11. Nb3 $146 ({Predecessor:} 11. Nf5 Be6 12. Bg5 Nd7 13. Kb1 b5 14. h4 h6 15. Bc1 Nb6 16. h5 Nc6 17. Qf3 Nb4 18. a3 {1-0 (28) Kupreichik,V (2457)-Senner,P (2195) Bad Woerishofen 1999}) 11... b5 12. Kb1 Be7 {White has an edge.} 13. h3 Be6 14. g4 (14. f4 $14) 14... b4 $11 15. Na4 Nc4 16. g5 Nd7 17. Nd2 $1 $36 {[%cal Rd2c4][%mdl 2048] White has the initiative.} Nxe3 18. Qxe3 O-O 19. h4 Rfc8 20. b3 Qa5 21. h5 Rc6 22. g6 {aiming for h6.} Nf6 $2 (22... fxg6 $6 23. hxg6 hxg6 24. Nb2 $16) ({Black should try} 22... h6 $1 $11) 23. Rdg1 $1 $16 Rac8 (23... h6 {might work better.}) 24. gxf7+ Kxf7 25. Nf3 (25. Qg3 $142) 25... h6 26. Rg6 Bf8 27. Qe2 Ke8 28. Nd2 Qc7 {[%cal Rc6c2]} 29. Bc4 (29. Nf1 {is interesting.} Bf7 30. Rg2 Kd8 31. Ne3 Qa5 32. Qf3) 29... Bxc4 30. Nxc4 Rxc4 31. bxc4 Qc6 {[%mdl 64] [#] Double Attack} 32. Rxf6 $1 gxf6 33. Nb2 f5 34. f3 fxe4 35. fxe4 Rc7 36. Rf1 {Strongly threatening Qg4.} Rg7 37. c5 {[%mdl 64] Deflection} Qxc5 38. Qxa6 Rc7 39. Qa8+ Rc8 40. Qa4+ Qc6 $1 41. Qb3 Be7 42. Re1 Bg5 43. Nd3 Qc4 44. Qa4+ Kf8 45. Re2 Kg7 $2 {[#] This costs Black the game.} (45... Qc7 $11 {and Black is okay.}) 46. Qd7+ $1 $18 {[%mdl 64] Double Attack} Kg8 {White must now prevent ...Ra8.} 47. Qxd6 {[%mdl 64] Double Attack} Rf8 (47... Rd8 $142 48. Nxe5 (48. Qxe5 Rxd3 49. Qe8+ Kh7 $11) 48... Qxa2+ 49. Kxa2 Rxd6) 48. Qd5+ ({Weaker is} 48. Qxe5 Kh7 $18) 48... Qxd5 49. exd5 {[%mdl 4096] Endgame KRB-KRN} Bf6 50. Re4 Bg7 51. Nxb4 Kf7 52. c4 Kf6 53. c5 Kf5 54. Re1 Rb8 55. a3 e4 56. Kc2 Rb5 57. c6 Rc5+ 58. Kb3 {And now Rf1+ would win.} Rc3+ (58... Be5 $142 59. Na6 Rc3+ 60. Kb4 Rc2) 59. Ka4 Be5 60. Re2 e3 {Black hopes to continue with ...Ke4.} 61. Nc2 Ke4 {[#]} 62. Rxe3+ $1 {[%mdl 512] White mates.} Rxe3 63. Nxe3 Kxe3 64. Kb5 Kd4 65. Kb6 {Weighted Error Value: White=0.21/Black=0.35} 1-0

[Event "Airthings Masters Preliminary"]
[Site "Online"]
[Date "2020.12.23"]
[Round "9.2"]
[White "Grischuk, Alexander"]
[Black "Carlsen, Magnus"]
[Result "1/2-1/2"]
[WhiteElo "2777"]
[BlackElo "2862"]
[Annotator "TA"]
[PlyCount "228"]
[EventDate "2020.12.26"]
[EventType "tourn"]
[EventCountry "NET"]
[SourceTitle "playchess.com"]
[Source "ChessBase"]
[SourceQuality "1"]

{[%evp 12,228,12,10,13,14,14,12,14,14,22,16,20,20,21,18,17,11,9,6,20,0,7,0,0,0,0,-26,-5,-24,9,-5,0,0,16,27,18,7,7,5,13,0,0,0,12,0,0,0,0,-18,-13,-27,-16,-21,0,0,0,0,0,0,0,0,0,0,0,0,0,0,0,-8,-8,-13,0,-15,-3,-8,0,-32,-32,-68,-68,-68,-68,-68,-68,-81,-81,-96,-81,-208,-81,-81,-66,-85,0,0,0,0,0,0,0,0,0,0,0,0,0,0,0,0,0,0,0,-819,-819,-812,0,0,0,0,0,0,0,0,0,0,0,0,0,0,0,0,0,0,0,0,0,0,0,0,0,0,0,0,0,0,0,0,0,0,0,0,0,0,0,0,0,0,0,0,0,0,0,0,0,0,0,0,0,0,0,0,0,0,0,0,0,0,0,0,0,0,0,0,0,0,0,0,0,0,0,-79,-79,-79,-79,-79,-79,-79,-79,-107,0,-114,0,0,0,0,0,0,0,-79,0,0,0,0,0,0,0,0,0]} 1. d4 Nf6 2. c4 e6 3. Nf3 d5 4. Nc3 Bb4 5. cxd5 exd5 6. Bg5 h6 7. Bh4 O-O {D38: Queen's Gambit Declined: Ragozin Defence (4 Nf3 Bb4).} 8. e3 Bf5 9. Be2 $1 {[%mdl 4] now scores much better than the old 9.Qb3.} Nbd7 10. Qb3 Bxc3+ 11. Qxc3 c6 12. Nd2 Ne4 13. Bxd8 Nxc3 14. bxc3 Rfxd8 15. a4 {[#]} Nf6 $146 ({Predecessor:} 15... c5 16. Nf1 Rac8 17. Ng3 Bh7 18. Kd2 Rc7 19. a5 Kf8 20. h4 Nf6 21. Bf3 Ke7 {1-0 (52) Grischuk,A (2772)-Karjakin,S (2752) Moscow 2019}) 16. Nf1 Ne8 17. Ng3 Bh7 18. Kd2 Nd6 19. Ra2 a5 20. Rha1 Ra7 21. f3 Rda8 (21... f5 {feels hotter.} 22. Rc1 Kf7 23. c4 f4 24. Nf1 dxc4 25. Bxc4+ Nxc4+ 26. Rxc4 Rd6) 22. Bd3 Bxd3 23. Kxd3 b5 24. axb5 cxb5 25. e4 Nc4 26. Rb1 dxe4+ 27. fxe4 Rb8 28. Nf1 f6 29. Nd2 Nd6 30. Rba1 a4 31. Rb1 Re8 32. Rb4 Rae7 (32... Rb7 {with more complications.} 33. Ra1 Kh7 34. Re1 Rbe7 35. Kc2 Kg6) 33. c4 bxc4+ 34. Nxc4 Nxc4 35. Kxc4 Rxe4 36. Rbxa4 $11 {[%mdl 4096] Endgame KRR-KRR} Kf7 37. Rd2 Rc8+ 38. Kd3 Re7 39. Rc4 Ra8 40. d5 Ra5 41. Rd4 Ra3+ 42. Kc2 Ree3 43. d6 Ke8 44. d7+ Kd8 45. Rg4 Ra2+ 46. Kd1 Rxd2+ 47. Kxd2 $15 {KR-KR} Re7 48. h4 Kxd7 49. g3 Ke6 50. Ra4 (50. h5 $17) 50... Kf7 (50... Kf5 $1 $19 {is more deadly.} 51. Kd3 Kg6) 51. h5 $17 Re5 52. g4 f5 ({Better is} 52... Rg5 $17 53. Ke3 f5 54. gxf5 (54. Ra7+ $2 Kg8 $19) 54... Rxh5) 53. gxf5 $11 Rxf5 54. Rh4 Re5 55. Rh1 Kf6 56. Kd3 Re7 57. Rg1 Ra7 58. Ke3 Ra4 59. Rf1+ Ke5 60. Rg1 Ra3+ 61. Kf2 Kf6 (61... Ra2+ {seems wilder.} 62. Ke3 Ra4 63. Rxg7 Kf5 64. Rf7+ Kg5) 62. Kg2 $2 {[%mdl 8192]} (62. Rh1 $11) 62... Ra5 $1 $19 63. Rh1 Kg5 $2 (63... Rf5 $1 $19 64. Rh2 Kg5) 64. Kf3 $11 Rf5+ 65. Ke3 Rf4 66. Rg1+ Rg4 67. Rh1 $1 Rh4 68. Rg1+ Kf6 (68... Rg4 {feels hotter.}) 69. Rf1+ $1 Ke5 70. Rg1 Rh3+ 71. Ke2 Kf6 72. Rf1+ $1 Ke7 (72... Ke5 {with more complications.} 73. Rg1) 73. Rg1 Kf7 74. Rf1+ $1 Kg8 75. Rf5 Rg3 76. Rf1 Rg5 77. Rh1 $1 Kf7 78. Ke3 Kf6 79. Kf4 Ra5 80. Kf3 (80. Kg3 {looks sharper.} Rf5 81. Rh4 Kg5 82. Rg4+ Kf6 83. Rh4) 80... Ra4 81. Ke3 Kg5 82. Rg1+ Rg4 83. Rh1 $1 Rg3+ 84. Ke2 Kg4 85. Kf2 Rf3+ (85... Rh3 $5 86. Rg1+ $8 Kh4 $11) 86. Ke2 Rf7 (86... Rg3 {keeps more tension.}) 87. Ke3 Ra7 88. Kf2 Re7 89. Rh2 Rf7+ 90. Ke2 Kg3 91. Rh1 Re7+ 92. Kd3 Kg2 93. Rh4 Kf3 94. Rh3+ Kg2 95. Rh4 Ra7 96. Ke2 Ra2+ 97. Ke3 Ra3+ 98. Ke2 Rg3 99. Kd2 Kf3 100. Rh1 Rg5 101. Rh3+ (101. Kd3 $11 {remains equal.}) 101... Kg4 $17 102. Rh1 Rxh5 103. Rg1+ Kf3 104. Rxg7 Re5 $1 105. Rf7+ Kg2 (105... Kg3 $17 {Strongly threatening ...h5.} 106. Rg7+ Kh3) 106. Rg7+ {[#]} (106. Rh7 $11) 106... Rg5 (106... Kh3 $1 $17 {...h5 is the strong threat.} 107. Rd7 h5) 107. Rh7 $11 h5 108. Ke3 Kg3 {Threatens to win with ...h4.} 109. Ke2 $1 h4 ({Black should try} 109... Rf5 $11) 110. Kf1 $17 {[#]} h3 (110... Rb5 $1 $17 {[%cal Rb5b1] aiming for ...Rb1+.} 111. Rg7+ Kh3) 111. Kg1 $11 {The position is equal.} Rg4 112. Kh1 h2 113. Rxh2 Rh4 (113... Rc4 $5 114. Rg2+ $8 Kh3 $11) 114. Rxh4 Kxh4 {Weighted Error Value: White=0.08/Black=0.08} 1/2-1/2

[Event "Airthings Masters Preliminary"]
[Site "Online"]
[Date "2020.12.23"]
[Round "9.3"]
[White "Nakamura, Hikaru"]
[Black "Anton Guijarro, David"]
[Result "1-0"]
[WhiteElo "2736"]
[BlackElo "2675"]
[Annotator "TA"]
[PlyCount "63"]
[EventDate "2020.12.26"]
[EventType "tourn"]
[EventCountry "NET"]
[SourceTitle "playchess.com"]
[Source "ChessBase"]
[SourceQuality "1"]

{[%evp 9,63,23,18,14,16,19,18,7,10,0,17,14,10,16,11,0,0,2,21,0,135,141,129,132,149,144,441,418,437,438,441,429,513,492,557,527,540,528,980,973,2299,2276,1875,1874,29963,29964,29971,5294,29976,29972,29968,29972,29976,6211,29984,29985]} 1. d4 Nf6 2. c4 e6 3. g3 d5 4. Nf3 dxc4 5. Bg2 c6 6. a4 {E04: Open Catalan: 5 Nf3.} Bb4+ 7. Bd2 a5 8. Qc1 $5 {[%mdl 4] The position is equal. Exploring less charted territory.} O-O {[#]} 9. Qxc4 $146 ({Predecessor:} 9. Bxb4 axb4 10. Qxc4 Qa5 11. Qc2 b5 12. b3 Bb7 13. Nbd2 Nbd7 14. Ne5 Nxe5 15. dxe5 {½-½ (39) Cheparinov,I (2688)-Anton Guijarro,D (2675) Los Cancajos 2020}) 9... Bxd2+ 10. Nbxd2 {[%cal Bb1d2,Bd2c4,Bc4d6][%mdl 32]} b6 11. Qb3 Ba6 12. Nc4 Nbd7 13. Nfe5 Rc8 14. Nd6 Nxe5 (14... Rc7 $1 $11 {remains equal.}) 15. dxe5 $16 Rb8 16. Bxc6 Nd7 17. Qe3 $36 {[%mdl 2048] White is really pushing.} Nxe5 $2 {[%mdl 8192] A mistake that costs the game.} (17... Nc5 $16 18. f4 Bb7 19. Nxb7 Nxb7) 18. Qxe5 $18 Qc7 19. Bf3 Rbd8 20. Rd1 Rd7 {intending ...Rfd8.} 21. O-O Rfd8 {[%cal Rd7d6] [#]} 22. Nxf7 Qxe5 23. Rxd7 Qxb2 24. Nxd8 Bxe2 25. Bxe2 Qxe2 26. Rd6 h5 27. Nxe6 h4 28. Ng5 (28. Rc1 $142 Qg4 29. Rc7 hxg3 30. hxg3 Kh8 31. Rxg7 Qxe6 {[%mdl 64] Remove Defender} 32. Rxe6 Kxg7 33. Rxb6) 28... g6 29. Rxb6 Kg7 30. Ne6+ Kf7 31. Nf4 (31. Rc1 $142 Qa2 32. gxh4 Kf6 33. Rc5 Ke7 34. Rxa5 Qa3 35. Kg2 Qd3 36. Ra7+ Qd7 37. Rxd7+ Kxd7 38. a5) 31... Qf3 32. Rc1 {Weighted Error Value: White=0.05/Black=0.98} 1-0

[Event "Airthings Masters Preliminary"]
[Site "Online"]
[Date "2020.12.23"]
[Round "9.4"]
[White "Nepomniachtchi, Ian"]
[Black "Dubov, Daniil"]
[Result "1-0"]
[WhiteElo "2784"]
[BlackElo "2699"]
[Annotator "TA"]
[PlyCount "75"]
[EventDate "2020.12.26"]
[EventType "tourn"]
[EventCountry "NET"]
[SourceTitle "playchess.com"]
[Source "ChessBase"]
[SourceQuality "1"]

{[%evp 12,75,54,45,49,36,36,45,44,0,19,29,42,21,23,27,20,39,39,7,29,27,35,39,45,22,20,0,36,40,9,0,0,-61,0,0,0,0,0,0,105,33,148,146,206,206,201,204,203,204,199,201,204,202,245,258,253,251,382,374,383,366,357,349,29998,29999]} 1. d4 Nf6 2. c4 g6 3. Nc3 Bg7 4. e4 d6 5. Be2 O-O 6. Be3 Nc6 {[%cal Bb8c6,Bc6e5,Be5g4][%mdl 32]} 7. d5 Ne5 {E73: King's Indian: Averbakh Variation without 6...c5.} 8. f4 Neg4 9. Bd2 Nh6 {White is slightly better.} 10. h3 {Threatening g4.} e6 $1 11. dxe6 {[#]} Bxe6 $146 ({Predecessor:} 11... fxe6 12. g4 b5 13. cxb5 Bb7 14. Qc2 d5 15. O-O-O d4 16. Be3 dxc3 17. Rxd8 Raxd8 18. Qxc3 Nfxg4 {½-½ (52) Santos Latasa,J (2575)-Guseinov,G (2665) ICC INT 2020}) 12. g4 Re8 13. Nf3 ({Much weaker is} 13. g5 Nxe4 14. Nxe4 Nf5 $15) 13... Bd7 $1 14. g5 Nxe4 15. gxh6 (15. Nxe4 {with more complications.} Rxe4 16. gxh6 Bxh6 17. f5 Qf8 18. O-O) 15... Bxh6 (15... Ng3 {is interesting.} 16. Rh2 Bxh6 17. Rg2 Nf5 18. Qb3 a5) 16. Nxe4 Rxe4 17. f5 Qf8 18. O-O Rae8 19. Bd3 Re3 20. Bxe3 Bxe3+ 21. Kg2 {Qe1 is the strong threat.} Bc6 $1 22. Qe1 (22. b4 $11 b6 23. b5) 22... g5 (22... Qg7 $1 $15 23. fxg6 hxg6) 23. Qg3 $1 $11 Bf4 24. Qg4 {And now Rfe1 would win.} Re3 25. Rad1 {aiming for b4.} Qg7 (25... Qe8 $11 {keeps the balance.}) 26. Rf2 ({White should try} 26. f6 $16 Qxf6 27. Rf2) 26... Qh8 {[#]} (26... f6 $1 $14) 27. Qh5 $1 $16 Qg7 (27... h6 $16 28. Kf1 b6) 28. Kf1 Bg3 29. f6 $1 {[%cal Rf6g7]} Qxf6 30. Qxg5+ Qxg5 31. Nxg5 {[%mdl 64] Discovered Attack} h6 32. Nxf7 Kg7 {[#]} 33. Nd8 $1 Bxf2 34. Kxf2 Rf3+ (34... Rxh3 {was worth a try.} 35. Rg1+ Kf8) 35. Ke2 $18 Rxh3 {Threatens to win with ...Bf3+.} 36. Rf1 Rh2+ 37. Ke3 {Threatening mate with Ne6+.} Rxb2 $2 (37... Rh3+ $18 38. Kd4 Rf3 39. Rg1+ Kf6 40. Nxc6 bxc6 41. Rg6+ Ke7 42. Rxh6 c5+ 43. Ke4 Rf7) 38. Ne6+ {[%mdl 64] Double Attack.  Weighted Error Value: White=0.10/Black=0.48} 1-0